[Event "BL 9192 Solingen-Bayern"]
[Site "?"]
[Date "1992.??.??"]
[Round "?.6"]
[White "Podzielny, K."]
[Black "Kindermann, S."]
[Result "1/2-1/2"]
[WhiteElo "2450"]
[BlackElo "2505"]
[PlyCount "74"]
[EventDate "1992.??.??"]

1. d4 f5 2. g3 Nf6 3. Bg2 g6 4. c4 Bg7 5. Nc3 d6 6. d5 Na6 7. Nh3 O-O 8. Nf4 e5
9. dxe6 c6 10. h4 Nc5 11. h5 gxh5 12. Nxh5 Nxh5 13. Rxh5 Bxe6 14. Rg5 Qe7 15.
Rxg7+ Qxg7 16. Qxd6 b6 17. Be3 Rad8 18. Qxc6 Rc8 19. Qd6 Rfd8 20. Qf4 Ne4 21.
Bxe4 fxe4 22. Qxe4 Bxc4 23. Rd1 Rxd1+ 24. Kxd1 Qg6 25. Qxg6+ hxg6 26. Bd4 Kf7
27. Kd2 Rd8 28. e3 Ke6 29. f3 Rd7 30. b3 Ba6 31. g4 Rh7 32. e4 Rh2+ 33. Ke3 g5
34. Bg7 Rh7 35. Bd4 Rh2 36. Bg7 Rh7 37. Bd4 Rh2 1/2-1/2

[Event "BL 9192 Solingen-Bayern"]
[Site "?"]
[Date "1992.??.??"]
[Round "?.7"]
[White "Bischoff, K."]
[Black "Schaefer, Ma"]
[Result "1-0"]
[WhiteElo "2495"]
[BlackElo "2430"]
[PlyCount "87"]
[EventDate "1992.??.??"]

1. c4 Nf6 2. Nc3 g6 3. e4 d6 4. d4 Bg7 5. Nge2 c6 6. f3 Nbd7 7. Be3 O-O 8. Qd2
e5 9. d5 cxd5 10. cxd5 a6 11. Ng3 b5 12. a4 b4 13. Na2 Nc5 14. Bxc5 dxc5 15.
Nc1 Qd6 16. Nb3 Nd7 17. a5 h5 18. Bd3 Kh7 19. Qc2 Bh6 20. Bc4 Bb7 21. Qe2 Nf6
22. Nf1 Nd7 23. Nfd2 f5 24. Bd3 Qf6 25. Nc4 Rfc8 26. Kd1 f4 27. Bc2 Rab8 28.
Nbd2 Ba8 29. Ba4 Rb5 30. b3 Rd8 31. Kc2 Bf8 32. Rhd1 Kh6 33. Kb1 Rbb8 34. Ra2
Bd6 35. Nxd6 Qxd6 36. Nc4 Qf6 37. Qb2 Rb5 38. Rc1 Re8 39. Bxb5 axb5 40. Nb6
Nxb6 41. axb6 Rc8 42. Qa1 Bb7 43. Ra7 Qg7 44. Qa5 1-0

[Event "BL 9192 Solingen-Bayern"]
[Site "?"]
[Date "1992.??.??"]
[Round "?.8"]
[White "Zysk, R."]
[Black "Schlosser, P."]
[Result "1/2-1/2"]
[WhiteElo "2390"]
[BlackElo "2485"]
[PlyCount "54"]
[EventDate "1992.??.??"]

1. d4 Nf6 2. Nf3 e6 3. c4 b6 4. e3 Bb7 5. Bd3 d5 6. Nc3 dxc4 7. Bxc4 a6 8. O-O
c5 9. dxc5 Qc7 10. Qe2 b5 11. Bd3 Nc6 12. Ne4 Nxe4 13. Bxe4 Bxc5 14. b3 Nb4 15.
Bxb7 Qxb7 16. Bb2 O-O 17. a3 Nd5 18. Rac1 Rfc8 19. Rc2 Bf8 20. Rfc1 Nb6 21. Nd4
Rxc2 22. Rxc2 Nd7 23. Qf3 Qxf3 24. Nxf3 Nc5 25. b4 Na4 26. Bc1 Nb6 27. Kf1 a5
1/2-1/2

[Event "BL 9192 München 36-Solingen"]
[Site "?"]
[Date "1992.??.??"]
[Round "?.1"]
[White "Nunn, J."]
[Black "Smejkal, J."]
[Result "1-0"]
[WhiteElo "2615"]
[BlackElo "2535"]
[PlyCount "75"]
[EventDate "1992.??.??"]

1. e4 e5 2. Nf3 Nc6 3. Nc3 Nf6 4. Bb5 Bb4 5. O-O O-O 6. d3 d6 7. Bg5 Bxc3 8.
bxc3 Bd7 9. Rb1 a6 10. Ba4 Rb8 11. Bb3 h6 12. Bh4 Qe7 13. Re1 Na5 14. d4 Rbd8
15. Qc1 Nxb3 16. axb3 Bg4 17. Nd2 g5 18. Bg3 Nh5 19. Nc4 Nf4 20. Ne3 Be6 21. f3
Qf6 22. Qd2 Kh7 23. Rbd1 h5 24. Kh1 Rg8 25. c4 h4 26. Bxf4 gxf4 27. Nd5 Bxd5
28. exd5 Rg6 29. dxe5 dxe5 30. Qc3 Re8 31. c5 h3 32. gxh3 Qf5 33. Qd3 Qxh3 34.
Rg1 Reg8 35. Rxg6 Rxg6 36. Rg1 f5 37. Rxg6 Kxg6 38. Kg1 1-0

[Event "BL 9192 München 36-Solingen"]
[Site "?"]
[Date "1992.??.??"]
[Round "?.2"]
[White "Stohl, I."]
[Black "Chandler, M."]
[Result "1-0"]
[WhiteElo "2560"]
[BlackElo "2590"]
[PlyCount "119"]
[EventDate "1992.??.??"]

1. d4 Nf6 2. c4 e6 3. g3 Bb4+ 4. Bd2 Be7 5. Bg2 d5 6. Nf3 O-O 7. O-O c6 8. Qc2
Nbd7 9. Bf4 a5 10. Nbd2 Nh5 11. Be3 f5 12. Nb3 a4 13. Nc1 Nb6 14. Ne5 dxc4 15.
Nxc4 Nd5 16. Bd2 c5 17. dxc5 Bxc5 18. Nd3 Ba7 19. Nce5 Qd6 20. e4 fxe4 21. Bxe4
Nhf6 22. Bg2 Bd7 23. Nxd7 Qxd7 24. Rae1 Rac8 25. Qd1 Kh8 26. Bh3 Qb5 27. Ne5
Rce8 28. Bc1 Qa6 29. Qd3 b5 30. a3 Bc5 31. Bg5 Qb6 32. Re2 Rd8 33. Qc2 Rc8 34.
Qd3 Rcd8 35. Qf3 Rde8 36. Rfe1 Bd4 37. Nd3 Ng8 38. Qe4 Ngf6 39. Qf3 Ng8 40. Qg2
Nc7 41. Ne5 Qd6 42. Bf4 Qa6 43. Qc6 Bb6 44. Kh1 Ne7 45. Qd7 Qa8+ 46. Bg2 Qa7
47. Nc6 Nxc6 48. Qxc6 Rd8 49. Bd6 Rf7 50. f4 h6 51. Bxc7 Qxc7 52. Qxb5 Ba5 53.
Rf1 Rfd7 54. Qxa4 Rd6 55. Qc2 Qa7 56. b4 Bb6 57. a4 Bd4 58. a5 Qa6 59. h3 Qb5
60. Rb1 1-0

[Event "BL 9192 München 36-Solingen"]
[Site "?"]
[Date "1992.??.??"]
[Round "?.3"]
[White "Lau, R."]
[Black "Gruenberg, HU."]
[Result "1/2-1/2"]
[WhiteElo "2480"]
[BlackElo "2510"]
[PlyCount "61"]
[EventDate "1992.??.??"]

1. e4 c5 2. Nc3 d6 3. f4 Nf6 4. Nf3 e6 5. d4 cxd4 6. Nxd4 a6 7. Qf3 Qb6 8. Nb3
Nc6 9. Bd3 Be7 10. Be3 Qc7 11. O-O O-O 12. Kh1 Nb4 13. Rac1 Bd7 14. a3 Nxd3 15.
cxd3 Qb8 16. Nd4 b5 17. g4 g6 18. f5 b4 19. axb4 Qxb4 20. Rc2 Rac8 21. Rg2 Kh8
22. Qf2 gxf5 23. gxf5 Rg8 24. Rfg1 Rxg2 25. Rxg2 Rg8 26. Rxg8+ Kxg8 27. Qg2+
Kh8 28. fxe6 fxe6 29. Nf3 Qb8 30. Bg5 Qf8 31. h4 1/2-1/2

[Event "BL 9192 München 36-Solingen"]
[Site "?"]
[Date "1992.??.??"]
[Round "?.4"]
[White "Enders, P."]
[Black "Mohr, S."]
[Result "1-0"]
[WhiteElo "2475"]
[BlackElo "2455"]
[PlyCount "61"]
[EventDate "1992.??.??"]

1. e4 d6 2. d4 g6 3. Nf3 Bg7 4. h3 Nf6 5. Nc3 O-O 6. Bc4 Nxe4 7. Nxe4 d5 8. Bd3
dxe4 9. Bxe4 c5 10. dxc5 Qa5+ 11. c3 Qxc5 12. O-O Nd7 13. Re1 e5 14. Bxb7 Bxb7
15. Qxd7 Bxf3 16. gxf3 Qb6 17. a4 a5 18. Kg2 Rfd8 19. Qb5 Qe6 20. b4 Rdb8 21.
Qd3 axb4 22. cxb4 Rxb4 23. Re4 Rb3 24. Qc2 f5 25. Rc4 Rxf3 26. Qa2 Qf7 27. Bh6
Rd3 28. Rc7 Qxa2 29. Rxg7+ Kh8 30. Rxa2 Rd4 31. Rb7 1-0

[Event "BL 9192 München 36-Solingen"]
[Site "?"]
[Date "1992.??.??"]
[Round "?.5"]
[White "Reeh, O."]
[Black "Bastian, H."]
[Result "1-0"]
[WhiteElo "2445"]
[BlackElo "2330"]
[PlyCount "55"]
[EventDate "1992.??.??"]

1. d4 Nf6 2. c4 g6 3. Nc3 Bg7 4. e4 d6 5. f3 O-O 6. Be3 a6 7. Qd2 b6 8. O-O-O
c5 9. Nge2 cxd4 10. Nxd4 Qc7 11. Kb1 Nc6 12. Nxc6 Qxc6 13. g4 Rb8 14. h4 b5 15.
Nd5 Qb7 16. g5 Nh5 17. c5 e6 18. c6 Qa8 19. Ne7+ Kh8 20. Qxd6 a5 21. Bd4 Ba6
22. c7 Rbe8 23. Bxg7+ Kxg7 24. Bh3 Bb7 25. Bg4 Ng3 26. Qe5+ f6 27. gxf6+ Rxf6
28. Rd7 1-0

[Event "BL 9192 München 36-Solingen"]
[Site "?"]
[Date "1992.??.??"]
[Round "?.6"]
[White "Ruf, M."]
[Black "Podzielny, K."]
[Result "1-0"]
[WhiteElo "2395"]
[BlackElo "2450"]
[PlyCount "77"]
[EventDate "1992.??.??"]

1. d4 Nf6 2. Nf3 g6 3. c3 Bg7 4. Bg5 O-O 5. Nbd2 d6 6. e4 b6 7. Bd3 Bb7 8. O-O
Nbd7 9. Re1 e5 10. Qc2 Re8 11. Rad1 h6 12. Bh4 Qc8 13. dxe5 dxe5 14. b4 Nh5 15.
Bb5 a6 16. Bf1 Nf8 17. Nc4 Qg4 18. h3 Qc8 19. Ne3 Ne6 20. Kh2 Nef4 21. Ng1 Nf6
22. f3 h5 23. Qb3 b5 24. a4 Bc6 25. a5 Qb7 26. Ne2 Rad8 27. Nc1 Rd6 28. Qc2 Nd7
29. Nb3 Bh6 30. Bf2 Bf8 31. Rd2 Qc8 32. Red1 Qd8 33. c4 Ne6 34. Nd5 bxc4 35.
Bxc4 Qa8 36. Nc5 Bh6 37. Nxd7 Bxd2 38. N7f6+ Kf8 39. Qxd2 1-0

[Event "BL 9192 München 36-Solingen"]
[Site "?"]
[Date "1992.??.??"]
[Round "?.8"]
[White "Reich, T."]
[Black "Zysk, R."]
[Result "1/2-1/2"]
[WhiteElo "2350"]
[BlackElo "2390"]
[PlyCount "70"]
[EventDate "1992.??.??"]

1. e4 e6 2. d4 d5 3. exd5 exd5 4. Nf3 Nf6 5. c4 Bb4+ 6. Nc3 O-O 7. a3 Re8+ 8.
Be3 Bxc3+ 9. bxc3 Nc6 10. Bd3 dxc4 11. Bxc4 Nd5 12. O-O Be6 13. Bd3 Bg4 14. Qd2
Bxf3 15. gxf3 Nxe3 16. fxe3 Qg5+ 17. Kf2 Qh6 18. Rh1 Qh4+ 19. Kg2 Rad8 20. Rhe1
Ne7 21. Be4 c6 22. Kh1 Qh6 23. Rab1 b6 24. Qg2 f5 25. Bd3 Nd5 26. Bxf5 Nxe3 27.
Qh3 Nxf5 28. Qxf5 Rf8 29. Qe6+ Qxe6 30. Rxe6 Rc8 31. Kg2 Rfe8 32. Re4 Kf7 33.
Rbe1 Rcd8 34. Rf4+ Kg8 35. Rfe4 Kf7 1/2-1/2

[Event "BL 9192 Bayern-Dortmund"]
[Site "?"]
[Date "1992.??.??"]
[Round "?.1"]
[White "Dolmatov, S."]
[Black "Huebner, R."]
[Result "1/2-1/2"]
[WhiteElo "2595"]
[BlackElo "2615"]
[PlyCount "113"]
[EventDate "1992.??.??"]

1. e4 e5 2. Nf3 Nc6 3. Bb5 a6 4. Ba4 Nf6 5. O-O Be7 6. Re1 b5 7. Bb3 O-O 8. c3
d6 9. h3 Na5 10. Bc2 c5 11. d4 Qc7 12. Nbd2 Bd7 13. Nf1 Nc4 14. d5 g6 15. Bd3
Nb6 16. Bh6 Rfb8 17. g4 c4 18. Bc2 Bf8 19. Bg5 Bg7 20. Ng3 Na4 21. Rb1 Nc5 22.
Nd2 Kh8 23. Be3 Ng8 24. Kg2 Rf8 25. f4 exf4 26. Bxf4 Rae8 27. Nf3 Bc8 28. Qd2
Nd7 29. Nd4 Ne5 30. Re2 Bd7 31. Rf1 a5 32. Kh2 b4 33. Rg2 bxc3 34. bxc3 Rb8 35.
Qc1 Rb7 36. Qa3 Rfb8 37. Rgf2 Be8 38. Nf3 Qe7 39. Nxe5 Bxe5 40. Bxe5+ Qxe5 41.
Qxa5 Rb2 42. Rg2 Nf6 43. Rf3 h5 44. gxh5 Nxh5 45. Qa6 Bd7 46. Rgf2 Nxg3 47.
Rxg3 Kg7 48. Qxc4 Rh8 49. Kg2 Bxh3+ 50. Rxh3 Qg5+ 51. Rg3 Qh4 52. Rxf7+ Kxf7
53. Qc7+ Ke8 54. Qc8+ Qd8 55. Qe6+ Qe7 56. Qc8+ Qd8 57. Qe6+ 1/2-1/2

[Event "BL 9192 Bayern-Dortmund"]
[Site "?"]
[Date "1992.??.??"]
[Round "?.2"]
[White "Ribli, Z."]
[Black "Razuvaev, Y."]
[Result "1-0"]
[WhiteElo "2595"]
[BlackElo "2575"]
[PlyCount "81"]
[EventDate "1992.??.??"]

1. Nf3 Nf6 2. c4 e6 3. Nc3 Bb4 4. g3 Bxc3 5. bxc3 b6 6. d3 Bb7 7. e4 d6 8. Bg2
c5 9. O-O O-O 10. Nh4 Nc6 11. f4 Ne8 12. f5 exf5 13. Nxf5 Ne5 14. Bf4 Kh8 15.
Qe2 f6 16. Rad1 Ba6 17. g4 Nc7 18. h4 Ne6 19. Bg3 Qd7 20. a4 Rae8 21. Kh2 Nc7
22. Bh3 g6 23. Ne3 Qe7 24. Rf2 Bb7 25. Rdf1 Kg7 26. Qd2 Rf7 27. d4 Nd7 28. g5
f5 29. Nxf5+ gxf5 30. exf5 Kg8 31. f6 Qd8 32. h5 Be4 33. Bxd6 Nf8 34. Be5 cxd4
35. cxd4 Nce6 36. Qe3 Qa8 37. Rg1 Nc5 38. g6 hxg6 39. hxg6 Nxg6 40. Qh6 Rxe5
41. Rxg6+ 1-0

[Event "BL 9192 Bayern-Dortmund"]
[Site "?"]
[Date "1992.??.??"]
[Round "?.3"]
[White "Schmittdiel, E."]
[Black "Hjartarson, J."]
[Result "1/2-1/2"]
[WhiteElo "2485"]
[BlackElo "2580"]
[PlyCount "78"]
[EventDate "1992.??.??"]

1. e4 e5 2. Nf3 Nc6 3. d4 exd4 4. Nxd4 Nf6 5. Nxc6 bxc6 6. e5 Qe7 7. Qe2 Nd5 8.
c4 Nb6 9. Nd2 Bb7 10. b3 a5 11. Bb2 a4 12. Rb1 axb3 13. axb3 Qe6 14. g3 c5 15.
f3 Be7 16. Bg2 O-O 17. Ne4 d5 18. exd6 cxd6 19. O-O f5 20. Nc3 Qxe2 21. Nxe2
Rfe8 22. Rfe1 Kf7 23. f4 Bxg2 24. Kxg2 Bf6 25. Bxf6 Kxf6 26. Rbd1 Re6 27. Nc3
Rxe1 28. Rxe1 Ra3 29. Nd5+ Nxd5 30. cxd5 Kf7 31. Re6 Ra6 32. Kh3 Rb6 33. Kh4 h6
34. h3 Rxb3 35. Rxd6 Rd3 36. g4 fxg4 37. hxg4 c4 38. f5 c3 39. Rc6 Rxd5 1/2-1/2

[Event "BL 9192 Bayern-Dortmund"]
[Site "?"]
[Date "1992.??.??"]
[Round "?.5"]
[White "Keitlinghaus, L."]
[Black "Boensch, U."]
[Result "1/2-1/2"]
[WhiteElo "2440"]
[BlackElo "2500"]
[PlyCount "55"]
[EventDate "1992.??.??"]

1. e4 c5 2. Nc3 d6 3. Bb5+ Bd7 4. a4 Nc6 5. f4 a6 6. Bxc6 Bxc6 7. Nf3 g6 8. a5
Bg7 9. d3 Qd7 10. O-O Nf6 11. Qe1 O-O 12. Bd2 Ne8 13. f5 e6 14. fxe6 fxe6 15.
Qh4 Nc7 16. Bh6 Bxh6 17. Qxh6 e5 18. Nd2 Qe7 19. Nc4 Rae8 20. Ne3 Qd8 21. h3
Ne6 22. Ncd5 Nd4 23. c3 Bxd5 24. Nxd5 Nb3 25. Rxf8+ Rxf8 26. Ra3 c4 27. dxc4
Nc5 28. Ra1 1/2-1/2

[Event "BL 9192 Bayern-Dortmund"]
[Site "?"]
[Date "1992.??.??"]
[Round "?.6"]
[White "Kindermann, S."]
[Black "Thesing, M."]
[Result "1/2-1/2"]
[WhiteElo "2505"]
[BlackElo "2415"]
[PlyCount "47"]
[EventDate "1992.??.??"]

1. e4 e6 2. d4 d5 3. Nc3 Nc6 4. e5 f6 5. Nf3 fxe5 6. Nxe5 Nxe5 7. dxe5 Bd7 8.
Bd3 Qe7 9. Be3 a6 10. Ne2 O-O-O 11. O-O Nh6 12. Nf4 Bc6 13. c3 Nf5 14. b4 g5
15. Ne2 Nxe3 16. fxe3 Bg7 17. a4 Bd7 18. Qb3 Bxe5 19. Nd4 g4 20. c4 Qh4 21. g3
Bxg3 22. Ra2 Be5 23. b5 a5 24. cxd5 1/2-1/2

[Event "BL 9192 Bayern-Dortmund"]
[Site "?"]
[Date "1992.??.??"]
[Round "?.7"]
[White "Luecke, N."]
[Black "Bischoff, K."]
[Result "1/2-1/2"]
[WhiteElo "2395"]
[BlackElo "2495"]
[PlyCount "82"]
[EventDate "1992.??.??"]

1. e4 c5 2. Nf3 d6 3. d4 cxd4 4. Nxd4 Nf6 5. Nc3 e6 6. Be2 Be7 7. O-O O-O 8. f4
Nc6 9. Be3 Bd7 10. Kh1 Nxd4 11. Bxd4 Bc6 12. Bd3 Nd7 13. Qg4 Bf6 14. Bxf6 Qxf6
15. Rad1 Qe7 16. Qg3 a6 17. Rd2 b5 18. b4 e5 19. a3 Nf6 20. fxe5 Qxe5 21. Be2
Nxe4 22. Nxe4 Bxe4 23. c4 Rfe8 24. Rfd1 g6 25. Bf1 Qxg3 26. hxg3 bxc4 27. Bxc4
Rec8 28. Rd4 Bf5 29. g4 Bc2 30. R1d2 Ba4 31. Rf4 Ra7 32. Rxd6 Bb5 33. Bb3 Rc3
34. Rf3 Rxf3 35. gxf3 Rc7 36. a4 Bc4 37. Bxc4 Rxc4 38. Rxa6 Rxb4 39. Kg2 Kg7
40. Ra8 h6 41. a5 Ra4 1/2-1/2

[Event "BL 9192 Bayern-Dortmund"]
[Site "?"]
[Date "1992.??.??"]
[Round "?.8"]
[White "Stangl, M."]
[Black "Buecker, S."]
[Result "1-0"]
[WhiteElo "2465"]
[BlackElo "2365"]
[PlyCount "149"]
[EventDate "1992.??.??"]

1. Nf3 f5 2. g3 Nf6 3. Bg2 g6 4. b3 Bg7 5. Bb2 d6 6. d4 O-O 7. O-O a5 8. c4 Na6
9. Nbd2 c6 10. Bc3 e5 11. dxe5 Nd7 12. Nd4 Nxe5 13. Qc2 Nc5 14. a3 Rf7 15. b4
Ne6 16. e3 a4 17. Rad1 Nc7 18. Rfe1 Bd7 19. f4 Ng4 20. e4 c5 21. bxc5 dxc5 22.
N4f3 Ne6 23. h3 Nf6 24. Ne5 Re7 25. Nxd7 Rxd7 26. exf5 Nd4 27. Bxd4 cxd4 28.
Qd3 gxf5 29. Re5 Re7 30. Rde1 Rxe5 31. fxe5 Nd7 32. Qxf5 Qe7 33. Bd5+ Kh8 34.
Nf3 Rf8 35. Qh5 d3 36. Ng5 Bxe5 37. Nf7+ Rxf7 38. Qxf7 Qxf7 39. Bxf7 Bb2 40.
Rb1 Bxa3 41. Rxb7 Nc5 42. Rb5 d2 43. Bh5 Ne4 44. Re5 Nc3 45. c5 Bb2 46. Re8+
Kg7 47. c6 Nb5 48. Rb8 Bd4+ 49. Kg2 Na7 50. c7 a3 51. Ra8 a2 52. c8=Q Nxc8 53.
Rxa2 Be3 54. Ra3 Bg5 55. h4 Be7 56. Rd3 Bb4 57. Rd4 Be7 58. Rxd2 Nd6 59. Kf3
Nf5 60. Rd5 Kf6 61. Bg4 Nd6 62. Bd7 Nf7 63. Kg4 Bd6 64. Be8 Nh6+ 65. Kf3 Bb4
66. g4 Ng8 67. g5+ Kg7 68. Rf5 Ne7 69. Rf7+ Kg8 70. Kg4 Ng6 71. Rb7 Ne5+ 72.
Kf5 Bc3 73. Ke6 Nd3 74. Bf7+ Kg7 75. Kf5 1-0

[Event "BL 9192 Empor Berlin-Bielefeld"]
[Site "?"]
[Date "1992.??.??"]
[Round "?.1"]
[White "Piskov, Y."]
[Black "Dautov, R."]
[Result "0-1"]
[WhiteElo "2500"]
[BlackElo "2610"]
[PlyCount "62"]
[EventDate "1992.??.??"]

1. d4 Nf6 2. c4 e6 3. Nf3 b6 4. e3 Bb7 5. Bd3 d5 6. Qa4+ Qd7 7. Qc2 dxc4 8.
Bxc4 c5 9. Ne5 Qc7 10. Nc3 a6 11. f4 Nc6 12. Qf2 Rd8 13. O-O cxd4 14. exd4 Nxe5
15. fxe5 Qxc4 16. Ne2 Be7 17. Bg5 Qd5 18. Rac1 Qxg2+ 19. Qxg2 Bxg2 20. exf6
gxf6 21. Kxg2 fxg5 22. Rc7 f5 23. Rb7 Kf7 24. Rxb6 Rb8 25. Rxa6 Rxb2 26. Rf2
Rd8 27. Ra7 Kf6 28. a4 h5 29. h4 gxh4 30. a5 Rg8+ 31. Kh1 Bd6 0-1

[Event "BL 9192 Empor Berlin-Bielefeld"]
[Site "?"]
[Date "1992.??.??"]
[Round "?.2"]
[White "Kovalev, A."]
[Black "Panzer, P."]
[Result "1-0"]
[WhiteElo "2570"]
[BlackElo "2355"]
[PlyCount "93"]
[EventDate "1992.??.??"]

1. e4 e5 2. Nf3 Nf6 3. Nxe5 d6 4. Nf3 Nxe4 5. d4 d5 6. Bd3 Be7 7. O-O Nc6 8. c4
Nb4 9. Be2 O-O 10. a3 Nc6 11. cxd5 Qxd5 12. Nc3 Nxc3 13. bxc3 Bf5 14. Be3 Bf6
15. Nd2 Rfe8 16. Bf3 Qd7 17. a4 Rad8 18. a5 b6 19. a6 Ne7 20. g4 Bd3 21. g5
Bxd4 22. cxd4 Bxf1 23. Nxf1 Nf5 24. Rc1 c5 25. dxc5 Qxd1 26. Bxd1 bxc5 27. Bf3
Rd6 28. Be2 Nxe3 29. Nxe3 Re5 30. Rb1 Rxg5+ 31. Kf1 g6 32. Rb7 Rd4 33. Bc4 Rf4
34. Rxa7 Re5 35. Rxf7 Rxf7 36. Ng4 Re4 37. a7 Rxc4 38. a8=Q+ Kg7 39. Qa1+ Rd4
40. Ne5 Re7 41. Nc6 Ree4 42. Qa7+ Kh6 43. Nxd4 cxd4 44. Qf7 Rh4 45. Qf8+ Kh5
46. Qe7 Kg4 47. f3+ 1-0

[Event "BL 9192 Empor Berlin-Bielefeld"]
[Site "?"]
[Date "1992.??.??"]
[Round "?.3"]
[White "Kassebaum, R."]
[Black "Volke, K."]
[Result "0-1"]
[WhiteElo "2410"]
[BlackElo "2440"]
[PlyCount "90"]
[EventDate "1992.??.??"]

1. e4 c5 2. Nf3 e6 3. Nc3 d6 4. d4 cxd4 5. Nxd4 Nf6 6. g3 Be7 7. Bg2 O-O 8. O-O
Nbd7 9. g4 Nc5 10. g5 Nfd7 11. f4 Re8 12. Be3 Bf8 13. Qh5 g6 14. Qh4 Nb6 15.
Rad1 Bd7 16. Rf3 Nba4 17. Nxa4 Nxa4 18. f5 e5 19. Ne6 Bxe6 20. fxe6 Rxe6 21.
Rdf1 Bg7 22. Rxf7 Re7 23. Rxe7 Qxe7 24. b3 Nc3 25. Qe1 Rc8 26. a4 b5 27. axb5
Nxb5 28. Qa5 Qb7 29. Bh3 Qxe4 30. Be6+ Kh8 31. Bxc8 Qxe3+ 32. Rf2 Qxg5+ 33. Kf1
Nd4 34. Qc3 e4 35. Bb7 Qb5+ 36. Qc4 Qxb7 37. Rf7 Qb8 38. Rxg7 Kxg7 39. Qxd4+
Kf7 40. Qd5+ Kf6 41. Qxe4 Qb5+ 42. Kg2 Qg5+ 43. Kh1 a5 44. Qf3+ Qf5 45. Qc6
Qf1# 0-1

[Event "BL 9192 Empor Berlin-Bielefeld"]
[Site "?"]
[Date "1992.??.??"]
[Round "?.4"]
[White "Poldauf, D."]
[Black "Geveke, M."]
[Result "1/2-1/2"]
[WhiteElo "2360"]
[BlackElo "2330"]
[PlyCount "70"]
[EventDate "1992.??.??"]

1. c4 c5 2. g3 g6 3. Bg2 Bg7 4. Nc3 Nc6 5. e3 d6 6. Nge2 Bg4 7. h3 Bxe2 8. Qxe2
e6 9. O-O Nge7 10. a3 O-O 11. Rb1 Rc8 12. b4 cxb4 13. axb4 Ne5 14. Bxb7 Rxc4
15. Bg2 d5 16. b5 d4 17. Ne4 d3 18. Qd1 Rc2 19. Bb2 Nd5 20. Bd4 Qa5 21. Ra1
Qxb5 22. Rxa7 Nc4 23. Bxg7 Kxg7 24. Ng5 Kg8 25. Ne4 Qb2 26. Qg4 Nxd2 27. Nxd2
Rxd2 28. Bxd5 exd5 29. Rd7 Qb5 30. Rd6 Qc4 31. Qd7 Rc8 32. Rxd5 Qc2 33. Kg2 Qc6
34. Qxc6 Rxc6 35. Rd4 Rcc2 1/2-1/2

[Event "BL 9192 Empor Berlin-Bielefeld"]
[Site "?"]
[Date "1992.??.??"]
[Round "?.5"]
[White "Pohl Kuemmel, J."]
[Black "Stern, R."]
[Result "1/2-1/2"]
[WhiteElo "2245"]
[BlackElo "2395"]
[PlyCount "43"]
[EventDate "1992.??.??"]

1. d4 Nf6 2. c4 g6 3. Nc3 Bg7 4. e4 d6 5. Nge2 O-O 6. Ng3 e5 7. d5 c6 8. Be2 a6
9. O-O b5 10. cxb5 cxb5 11. Bg5 Nbd7 12. Qd2 Nb6 13. Rfc1 Bd7 14. f3 Qb8 15.
Nd1 Rc8 16. Rxc8+ Qxc8 17. Rc1 Qb7 18. Be3 Ne8 19. Bd3 Bf6 20. Nf1 Bd8 21. b3
Rc8 22. Rxc8 1/2-1/2

[Event "BL 9192 Empor Berlin-Bielefeld"]
[Site "?"]
[Date "1992.??.??"]
[Round "?.6"]
[White "Rosenthal, D."]
[Black "Meier, V."]
[Result "1-0"]
[WhiteElo "2350"]
[BlackElo "2295"]
[PlyCount "79"]
[EventDate "1992.??.??"]

1. e4 c5 2. Nf3 e6 3. d4 cxd4 4. Nxd4 a6 5. Nc3 Qc7 6. Be2 b5 7. a3 Bb7 8. O-O
Nf6 9. Re1 Bc5 10. Bf3 d6 11. Bf4 e5 12. Nf5 g6 13. b4 Bxf2+ 14. Kxf2 gxf5 15.
exf5 Rg8 16. Bg3 Bc6 17. Qd3 Nbd7 18. Re2 Rc8 19. Nd5 Nxd5 20. Bxd5 Bxd5 21.
Qxd5 Nf6 22. Qd3 Rg4 23. Rd1 Qb6+ 24. Kf1 Rc6 25. Rde1 Rcc4 26. Re3 Qc6 27. c3
Nd5 28. R3e2 Nf4 29. Bxf4 Rcxf4+ 30. Kg1 Rc4 31. h3 Rgf4 32. Rxe5+ dxe5 33.
Rxe5+ Kf8 34. Qd8+ Kg7 35. Qg5+ Kf8 36. Qe7+ Kg7 37. Re6 Rxf5 38. Rxc6 Rxc6 39.
Qe3 Rd5 40. Kh2 {ZÜ} 1-0

[Event "BL 9192 Empor Berlin-Bielefeld"]
[Site "?"]
[Date "1992.??.??"]
[Round "?.7"]
[White "Beilfuss, W."]
[Black "Schoene, R."]
[Result "1/2-1/2"]
[WhiteElo "2220"]
[BlackElo "2340"]
[PlyCount "63"]
[EventDate "1992.??.??"]

1. Nf3 Nf6 2. c4 g6 3. Nc3 Bg7 4. e4 d6 5. d4 O-O 6. Be2 e5 7. O-O Nc6 8. d5
Ne7 9. Nd2 c5 10. Rb1 Ne8 11. b4 b6 12. bxc5 bxc5 13. Nb3 f5 14. Bg5 h6 15.
Bxe7 Qxe7 16. Na5 Nf6 17. Nc6 Qd7 18. Qc2 f4 19. f3 Nh7 20. Rb2 Bf6 21. Rfb1
Bd8 22. a4 Nf6 23. a5 Ne8 24. Rb8 Nc7 25. Rxa8 Nxa8 26. Qb2 Nc7 27. Nxa7 Nxd5
28. Nxc8 Nxc3 29. Qxc3 Qxc8 30. Qd2 Qc6 31. Rb5 Bc7 32. g3 1/2-1/2

[Event "BL 9192 Buna Halle-Bochum"]
[Site "?"]
[Date "1992.??.??"]
[Round "?.1"]
[White "Dokhoian, Y."]
[Black "Malich, B."]
[Result "1/2-1/2"]
[WhiteElo "2545"]
[BlackElo "2435"]
[PlyCount "65"]
[EventDate "1992.??.??"]

1. d4 Nf6 2. c4 e6 3. Nf3 d5 4. Nc3 Be7 5. Bg5 O-O 6. e3 Nbd7 7. Rc1 c6 8. Bd3
dxc4 9. Bxc4 Nd5 10. Bxe7 Qxe7 11. Ne4 N5f6 12. Ng3 Qb4+ 13. Qd2 Qxd2+ 14. Kxd2
Rd8 15. Rhd1 b6 16. e4 Bb7 17. e5 Ne8 18. Ke3 h6 19. Ne4 Kf8 20. h4 Ke7 21. h5
a5 22. a3 Rac8 23. Rd2 c5 24. d5 exd5 25. Bxd5 Bxd5 26. Rxd5 Nf8 27. Rcd1 Rxd5
28. Rxd5 Nd7 29. Kf4 Ke6 30. Rd1 f6 31. exf6 Ndxf6 32. Nxf6 Nxf6 33. Re1+
1/2-1/2

[Event "BL 9192 Buna Halle-Bochum"]
[Site "?"]
[Date "1992.??.??"]
[Round "?.2"]
[White "Lechtinsky, J."]
[Black "Glek, I."]
[Result "1-0"]
[WhiteElo "2410"]
[BlackElo "2515"]
[PlyCount "60"]
[EventDate "1992.??.??"]

1. Nf3 Nf6 2. g3 g6 3. b3 Bg7 4. Bb2 c5 5. c4 d6 6. Bg2 e5 7. Nc3 O-O 8. O-O
Nc6 9. d3 Nh5 10. Nd2 f5 11. e3 Be6 12. Nd5 Qd7 13. a3 Rae8 14. b4 Ne7 15. Re1
Bf7 16. Nc3 b6 17. Qa4 Qxa4 18. Nxa4 Rc8 19. f4 Rfd8 20. Nf3 e4 21. dxe4 cxb4
22. Nd2 Bxc4 23. Bxg7 Nxg7 24. axb4 Bb5 25. Nb3 fxe4 26. Bxe4 d5 27. Bf3 Ngf5
28. g4 Nh4 29. Be2 Bxe2 30. Rxe2 Rc4 {.../84/} 1-0

[Event "BL 9192 Buna Halle-Bochum"]
[Site "?"]
[Date "1992.??.??"]
[Round "?.3"]
[White "Schulz, KJ."]
[Black "Schoeneberg, M."]
[Result "1-0"]
[WhiteElo "2400"]
[BlackElo "2335"]
[PlyCount "73"]
[EventDate "1992.??.??"]

1. d4 Nf6 2. Nf3 d6 3. g3 g6 4. Bg2 Bg7 5. c4 c6 6. O-O O-O 7. Nc3 Bf5 8. Ne1
e5 9. d5 cxd5 10. cxd5 e4 11. Bf4 a6 12. Nc2 Nh5 13. Be3 Bxc3 14. bxc3 Qc8 15.
Qd4 Re8 16. Qb4 a5 17. Qa3 Nf6 18. Rfd1 Bg4 19. Rd2 Ra6 20. Bf4 b5 21. Qb2 Nbd7
22. h3 Bf5 23. g4 Nxg4 24. hxg4 Bxg4 25. Ne3 Bh5 26. Qxb5 Rb6 27. Qc4 Nc5 28.
Qd4 Qd8 29. Nc4 g5 30. Be3 f5 31. Nxb6 f4 32. Nc4 f3 33. Nxd6 Qxd6 34. Qxc5 Qd7
35. d6 h6 36. exf3 exf3 37. Qd5+ 1-0

[Event "BL 9192 Buna Halle-Bochum"]
[Site "?"]
[Date "1992.??.??"]
[Round "?.4"]
[White "Trapl, J."]
[Black "Backwinkel, P."]
[Result "1-0"]
[WhiteElo "2385"]
[BlackElo "2400"]
[PlyCount "64"]
[EventDate "1992.??.??"]

1. e4 e6 2. d4 d5 3. e5 c5 4. Qg4 Nc6 5. Nf3 cxd4 6. Bd3 f5 7. Qg3 Bd7 8. O-O
Nge7 9. h4 Qc7 10. Re1 h6 11. Nbd2 O-O-O 12. Nb3 a6 13. Bd2 Kb8 14. Nc5 Nc8 15.
Nxd7+ Qxd7 16. Rab1 Nb6 17. b4 Nc4 18. b5 axb5 19. Rxb5 Qf7 20. Reb1 Rd7 21.
Bc1 Be7 22. Bb2 g5 23. Bxc4 gxh4 24. Qh3 dxc4 25. Nxd4 Nxd4 26. Bxd4 Rg8 27.
Qf3 Bf8 28. Be3 Rg7 29. Ra5 Qg6 30. Ba7+ Kc8 31. Bc5 Rd5 32. Ra8+ Kd7 1-0

[Event "BL 9192 Buna Halle-Bochum"]
[Site "?"]
[Date "1992.??.??"]
[Round "?.6"]
[White "Dietze, W."]
[Black "Sonntag, H."]
[Result "0-1"]
[WhiteElo "2290"]
[BlackElo "2410"]
[PlyCount "80"]
[EventDate "1992.??.??"]

1. d4 d5 2. Nf3 Nf6 3. Bf4 e6 4. e3 c5 5. Nbd2 Nc6 6. c3 Bd6 7. Bxd6 Qxd6 8.
Bb5 O-O 9. O-O a6 10. Bxc6 Qxc6 11. Ne5 Qc7 12. f4 Nd7 13. Qg4 f5 14. Qh4 Nxe5
15. fxe5 Bd7 16. Nf3 h6 17. Qe7 b6 18. a4 a5 19. Qh4 Qd8 20. Qg3 Qe7 21. b3
Rfc8 22. Nd2 b5 23. c4 bxc4 24. bxc4 cxd4 25. cxd5 dxe3 26. Qxe3 exd5 27. Nf3
Rc4 28. Qd3 Qc5+ 29. Kh1 Rf8 30. Rfd1 Rxa4 31. Rxa4 Bxa4 32. Qxd5+ Qxd5 33.
Rxd5 Ra8 34. Nd4 Be8 35. e6 a4 36. Rxf5 a3 37. Rf1 a2 38. Nc2 Rb8 39. Kg1 Rb1
40. Kf2 Rb2 0-1